01821nam a2200349 a 4500001001200000003000800012006001900020007001500039008004100054010001700095020002600112020002700138040002100165035002100186050002300207082001800230245036300248260006400611300002200675504005100697505010500748533015200853650003501005650005501040650002301095655002901118700003301147710013101180710001701311856012601328999001701454ebr10715655CaPaEBRm o u cr cn|||||||||111228s2012 vaua sb 001 0 eng d z 2011045856 z9780784411964 (paper) z9780784476468 (e-book) aCaPaEBRcCaPaEBR a(OCoLC)84994982114aTA653b.A38 2012eb04a624.1/82122300aAdvanced analysis in steel frame designh[electronic resource] :bguidelines for direct second-order inelastic advanced analysis /csponsored by Special Project Committee on Advanced Analysis of the Technical Committee on Structural Members, The Structural Engineering Institute (SEI) of the American Society of Civil Engineers ; edited by Andrea E. Surovek. aReston, Va. :bAmerican Society of Civil Engineers,cc2012. avi, 51 p. :bill. aIncludes bibliographical references and index.0 apt. 1. Introduction -- pt. 2. Design rules -- pt. 3. Background and commentary -- pt. 4. Benchmarks. aElectronic reproduction.bPalo Alto, Calif. :cebrary,d2013.nAvailable via World Wide Web.nAccess may be limited to ebrary affiliated libraries. 0aElastic analysis (Engineering) 0aSteel framing (Building)xDesign and construction. 0aStructural design. 7aElectronic books.2local1 aSurovek, Andrea Eden,d1965-2 aStructural Engineering Institute.bTechnical Committee on Structural Members.bSpecial Project Committee on Advanced Analysis.2 aebrary, Inc.40uhttp://site.ebrary.com/lib/rucke/Doc?id=10715655zAn electronic book accessible through the World Wide Web; click to view c27830d27830